[Event "2006 U.S. Masters Championship"]
[Site "Hendersonville, NC"]
[Date "2006.03.15"]
[Round "3.2"]
[White "Hathaway, Mark S"]
[Black "Kobernat, Alan E"]
[Result "1-0"]
[WhiteElo "2138"]
[BlackElo "2036"]
[PlyCount "105"]
[EventDate "2006.03.11"]
[EventCountry "USA"]

 1. e4 e5 2. Nf3 Nc6 3. Bb5 Bc5 4. O-O Nf6 5. d3 Nd4 6. Bc4 d6 7. c3 Nxf3+ 8. Qxf3 h6 9. b4 Bb6 10. Be3 c6 11. Nd2 O-O 12. h3 d5 13. Bxb6 axb6 14. Bb3 Be6 15. Qg3 Re8 16. Rfd1 Nh5 17. Qf3 Nf4 18. d4 Qg5 19. Kh2 f5 20. exf5 e4 21. Qg4 Qxf5 22. Qxf5 Bxf5 23. Re1 b5 24. Re3 Kh7 25. Rf1 Bg6 26. g4 h5 27. Kg3 Rf8 28. f3 Rae8 29. h4 hxg4 30. fxg4 Ne6 31. h5 Bf7 32. Kh4 g5+ 33. hxg6+ Kxg6 34. Bc2 Ng5 35. Nf3 Nxf3+ 36. Rexf3 Kg7 37. Rf5 Bg6 38. Rxf8 Rxf8 39. Rxf8 Kxf8 40. Bd1 Kg7 41. Kg5 Kf7 42. Kf4 Kf6 43. g5+ Ke7 44. Bg4 Kd6 45. a3 b6 46. Bd1 Ke6 47. Be2 Kd6 48. Bg4 c5 49. Be2 c4 50. Bg4 Ke7 51. Bd1 Kd6 52. a4 bxa4 53. Bxa4 1-0

[Event "2006 U.S. Masters Championship"]
[Site "Hendersonville, NC"]
[Date "2006.03.15"]
[Round "3.2"]
[White "Smith, Garrett L"]
[Black "Rupel, David G"]
[Result "1/2-1/2"]
[WhiteElo "2010"]
[BlackElo "2074"]
[PlyCount "41"]
[EventDate "2006.03.11"]
[EventCountry "USA"]

 1. e4 c5 2. Nf3 g6 3. d4 cxd4 4. Nxd4 Nf6 5. Nc3 Nc6 6. Bc4 Qc7 7. Bb3 Bg7 8. Be3 a6 9. f3 Na5 10. Qd2 Nc4 11. Bxc4 Qxc4 12. O-O-O d6 13. Kb1 h5 14. Bg5 Be6 15. Nxe6 Qxe6 16. Nd5 Nxd5 17. Qxd5 Qxd5 18. Rxd5 f6 19. Be3 Rc8 20. Rhd1 Kf7 21. R1d3 1/2-1/2

[Event "2006 U.S. Masters Championship"]
[Site "Hendersonville, NC"]
[Date "2006.03.12"]
[Round "4.1"]
[White "Chumachenko, Andrey"]
[Black "Ardaman, Miles F"]
[Result "0-1"]
[WhiteElo "2452"]
[BlackElo "2377"]
[PlyCount "94"]
[EventDate "2006.03.11"]
[EventCountry "USA"]

 1. d4 b5 2. Nf3 Bb7 3. g3 e6 4. Bg2 f5 5. O-O Nf6 6. c4 bxc4 7. Qa4 Na6 8. Ne5 Qc8 9. Bxb7 Qxb7 10. Bg5 c6 11. Qxc4 Ne4 12. h4 Bd6 13. Nc3 Nxg5 14. hxg5 Bxe5 15. dxe5 h6 16. g6 O-O 17. Rad1 Nb4 18. e4 fxe4 19. Qxe4 a5 20. f4 Nd5 21. Nxd5 cxd5 22. Qd4 Rab8 23. b3 Qa6 24. Qd3 Qa7+ 25. Qd4 Qa6 26. Qd3 Qa7+ 27. Kh1 a4 28. f5 Qc7 29. fxe6 dxe6 30. Rxf8+ Rxf8 31. Re1 axb3 32. axb3 Qb8 33. Kg2 Rf5 34. g4 Rg5 35. Rc1 Rxg4+ 36. Kh3 Rf4 37. Qc3 Rf8 38. b4 Qe8 39. Qd3 Rf5 40. Rf1 Rxe5 41. Rf4 Rh5+ 42. Kg3 Rg5+ 43. Kf3 Qxg6 44. Qxg6 Rxg6 45. b5 e5 46. Rb4 Rb6 47. Kg4 g6 0-1

[Event "2006 U.S. Masters Championship"]
[Site "Hendersonville, NC"]
[Date "2006.03.12"]
[Round "4.1"]
[White "Aliev, Timur"]
[Black "Potter, J Russell"]
[Result "1/2-1/2"]
[WhiteElo "2327"]
[BlackElo "2215"]
[PlyCount "232"]
[EventDate "2006.03.11"]
[EventCountry "USA"]

 1. e4 e5 2. Nf3 Nc6 3. Nc3 Nf6 4. Bb5 Bb4 5. O-O O-O 6. d3 d6 7. Bg5 Bxc3 8. bxc3 Qe7 9. Re1 Nd8 10. d4 Ne6 11. Bc1 c5 12. Bf1 cxd4 13. cxd4 Nxd4 14. Nxd4 exd4 15. Qxd4 Qe5 16. Bb2 Re8 17. Rad1 Bg4 18. Rd3 Rac8 19. c4 Nh5 20. Ba3 Rc6 21. Bxd6 Qa5 22. Rd2 Nf6 23. e5 Bf5 24. exf6 Rxe1 25. Bc7 Qb4 26. Ba5 Qf8 27. fxg7 Qe8 28. Bc3 Rc1 29. Re2 Re6 30. Rxe6 Bxe6 31. Qd2 Rb1 32. Qc2 Rxf1+ 33. Kxf1 Bxc4+ 34. Kg1 Qe2 35. Qxe2 Bxe2 36. f4 Bc4 37. a3 f5 38. Kf2 Kf7 39. h3 h5 40. Kf3 Bd5+ 41. Kg3 Kg6 42. Kh4 Be6 43. Kg3 Kf7 44. Kf2 Bd5 45. g3 Bc6 46. Ke3 Bg2 47. h4 Bd5 48. Kd4 Bb3 49. Kc5 Ke7 50. Bd4 Kf7 51. Kd6 a6 52. Kc5 Ba2 53. a4 Bb3 54. Kb4 Ba2 55. a5 Bd5 56. Kc5 Ba2 57. Kd6 Bb3 58. Ke5 Kg6 59. Bc3 Bg8 60. Kd6 Bb3 61. Ke7 Bc4 62. Bd4 Bb3 63. Kd6 Ba2 64. Ke5 Bb3 65. Bc5 Ba2 66. Bb4 Bg8 67. Bc3 Bb3 68. Kd6 Bc4 69. Kc7 Bd5 70. Kb6 Kh7 71. Bd4 Kg6 72. Ba1 Kh7 73. Kc5 Bg8 74. Kd6 Bb3 75. Ke7 Kg6 76. Bd4 Bc4 77. Kd7 Bb3 78. Kd6 Ba2 79. Ke5 Bb3 80. Bc5 Ba2 81. Bf8 Bb3 82. g4 fxg4 83. f5+ Kf7 84. Kf4 Bd1 85. Kg5 g3 86. Kh6 g2 87. Bc5 Kg8 88. Kg6 Bc2 89. Bd4 Bd3 90. Kg5 Kf7 91. f6 Bc2 92. Kxh5 Bh7 93. Kg5 Bd3 94. Kf4 Bh7 95. Ke5 Bg8 96. h5 Bh7 97. Kd6 g1=Q 98. Bxg1 Kxf6 99. Bd4+ Kf7 100. Kc7 Be4 101. h6 Kg8 102. Kd6 Kh7 103. Kd7 Bc6+ 104. Ke6 Kg8 105. Kf6 Bb5 106. Ke5 Bc4 107. Be3 Ba2 108. Kd4 Bb3 109. Bf4 Bc2 110. Kc4 Bb1 111. Kc5 Bc2 112. Kd6 Bb1 113. Ke7 Bc2 114. Kf6 Bb1 115. Bc1 Bc2 116. Bb2 Bb1 1/2-1/2

[Event "2006 U.S. Masters Championship"]
[Site "Hendersonville, NC"]
[Date "2006.03.12"]
[Round "4.1"]
[White "Lopez II, Nelson M"]
[Black "Simpson, Ronald"]
[Result "1-0"]
[WhiteElo "2087"]
[BlackElo "2265"]
[PlyCount "77"]
[EventDate "2006.03.11"]
[EventCountry "USA"]

 1. e4 e5 2. Nf3 Nc6 3. c3 f5 4. d4 fxe4 5. Nxe5 Nf6 6. Bg5 d6 7. Nc4 h6 8. Bh4 Qe7 9. Ne3 g5 10. Bg3 Bd7 11. Be2 O-O-O 12. b4 h5 13. h4 Ng4 14. Na3 Nxe3 15. fxe3 d5 16. Nb5 Nxb4 17. Nxc7 Nd3+ 18. Bxd3 exd3 19. Be5 Bg7 20. Nxd5 Qe6 21. Bxg7 Qxd5 22. Qf3 Qe6 23. Bxh8 Rxh8 24. hxg5 Qe7 25. Rb1 Bg4 26. Qg3 Rf8 27. Rb5 b6 28. Rb4 Qe6 29. Rb2 Rf3 30. gxf3 Qxe3+ 31. Kf1 Qc1+ 32. Qe1 Qxb2 33. fxg4 Qc2 34. Rxh5 d2 35. Qe8+ Kb7 36. Qd7+ Ka6 37. Qc8+ Ka5 38. g6+ b5 39. Qc7+ 1-0

[Event "2006 U.S. Masters Championship"]
[Site "Hendersonville, NC"]
[Date "2006.03.12"]
[Round "4.1"]
[White "Cheng, Xiao"]
[Black "Cao, Tony"]
[Result "1-0"]
[WhiteElo "2292"]
[BlackElo "2099"]
[PlyCount "31"]
[EventDate "2006.03.11"]
[EventCountry "USA"]

 1. e4 c5 2. Nf3 d6 3. d4 cxd4 4. Nxd4 Nf6 5. Nc3 a6 6. Bc4 e6 7. Bb3 b5 8. Bg5 Be7 9. Qf3 Qc7 10. O-O-O O-O 11. e5 Bb7 12. exf6 Bxf3 13. fxe7 Bxd1 14. Nxe6 Qxe7 15. Bxe7 Rc8 16. Rxd1 1-0

[Event "2006 U.S. Masters Championship"]
[Site "Hendersonville, NC"]
[Date "2006.03.12"]
[Round "4.1"]
[White "Pohl, Klaus A"]
[Black "Bereolos, Peter J"]
[Result "0-1"]
[WhiteElo "2214"]
[BlackElo "2316"]
[PlyCount "92"]
[EventDate "2006.03.11"]
[EventCountry "USA"]

 1. g3 g6 2. Bg2 Bg7 3. Nc3 c5 4. e3 Nc6 5. Nge2 Nf6 6. Nf4 e5 7. Nfd5 Nxd5 8. Nxd5 O-O 9. O-O d6 10. d3 Be6 11. h3 Ne7 12. Nxe7+ Qxe7 13. c4 Qd7 14. Kh2 d5 15. Qb3 Rad8 16. e4 d4 17. Qa3 b6 18. b4 cxb4 19. Qxb4 f5 20. Bg5 Rc8 21. Qe7 f4 22. Qxd7 Bxd7 23. Be7 Rf7 24. Bb4 f3 25. Bh1 h5 26. Bd2 Kh7 27. h4 Bh6 28. Bg5 Bxg5 29. hxg5 Kg7 30. a4 Rh8 31. Rfb1 h4 32. g4 Bxg4 33. Rb5 Re8 34. a5 Re6 35. axb6 Rxb6 36. Rxb6 axb6 37. Rb1 Rb7 38. Rb5 Ra7 39. Rxb6 Ra3 40. Rb5 Rxd3 41. Rxe5 Rd2 42. Bxf3 Bxf3 43. Kh3 Rxf2 44. Kxh4 d3 45. Kg3 Rf1 46. c5 d2 0-1

[Event "2006 U.S. Masters Championship"]
[Site "Hendersonville, NC"]
[Date "2006.03.12"]
[Round "4.1"]
[White "Vest, David"]
[Black "Francis, Benjamin"]
[Result "0-1"]
[WhiteElo "2072"]
[BlackElo "2048"]
[PlyCount "52"]
[EventDate "2006.03.11"]
[EventCountry "USA"]

 1. e4 c5 2. Nc3 Nc6 3. f4 g6 4. Nf3 Bg7 5. Bc4 e6 6. d4 cxd4 7. Nb5 d5 8. exd5 exd5 9. Qe2+ Nge7 10. Bxd5 O-O 11. Bc4 a6 12. Na3 Qa5+ 13. Qd2 Qc5 14. O-O Nf5 15. Qf2 Ne3 16. b4 Nxb4 17. c3 Nxc4 18. cxb4 Qxb4 19. Rb1 Qc5 20. Nxc4 Qxc4 21. Ba3 Rd8 22. Rfc1 Qd5 23. Rc5 Qe4 24. Re1 Qxf4 25. Rc4 Be6 26. g3 Qf6 0-1

[Event "2006 U.S. Masters Championship"]
[Site "Hendersonville, NC"]
[Date "2006.03.16"]
[Round "4.2"]
[White "Harris, Neal D"]
[Black "Ludwig, Daniel J"]
[Result "1/2-1/2"]
[WhiteElo "2204"]
[BlackElo "2331"]
[PlyCount "20"]
[EventDate "2006.03.11"]
[EventCountry "USA"]

 1. e4 c5 2. Nf3 d6 3. d4 cxd4 4. Nxd4 Nf6 5. Nc3 a6 6. Bg5 e6 7. Qd3 Nbd7 8. f4 b5 9. O-O-O Bb7 10. e5 b4 1/2-1/2

[Event "2006 U.S. Masters Championship"]
[Site "Hendersonville, NC"]
[Date "2006.03.16"]
[Round "4.2"]
[White "Fouts, Matthew A"]
[Black "Pohl, Klaus A"]
[Result "1/2-1/2"]
[WhiteElo "2007"]
[BlackElo "2214"]
[PlyCount "107"]
[EventDate "2006.03.11"]
[EventCountry "USA"]

 1. e4 e6 2. Qe2 c5 3. g3 g6 4. Bg2 Bg7 5. Nf3 Ne7 6. d3 Nbc6 7. c3 O-O 8. O-O d5 9. Re1 d4 10. c4 e5 11. Nbd2 Kh8 12. Nh4 Be6 13. f4 Qd7 14. Ndf3 f6 15. Bd2 Bg4 16. Qf1 exf4 17. gxf4 g5 18. fxg5 fxg5 19. Bxg5 Rf7 20. Qf2 Rg8 21. Kh1 Qe6 22. Rf1 Be5 23. Qd2 Bc7 24. Rf2 Ng6 25. Nxg6+ Qxg6 26. Nh4 Qd6 27. e5 Qxe5 28. Bd5 Be6 29. Rxf7 Bxf7 30. Bxf7 Qxg5 31. Qf2 Rf8 32. Rg1 Qe7 33. Bd5 Nb4 34. Qg2 Nxd5 35. cxd5 Qf7 36. Nf5 Be5 37. Nh6 Qg7 38. Qe4 Qxh6 39. Qxe5+ Qf6 40. Qxf6+ Rxf6 41. Re1 Kg7 42. Kg2 Kf7 43. Re5 Ra6 44. d6 Rxd6 45. Rxc5 Rb6 46. b3 Ra6 47. a4 Rb6 48. Rb5 Rxb5 49. axb5 Ke6 50. Kf3 Kd6 51. Ke4 Kc5 52. Ke5 Kxb5 53. Kxd4 a5 54. Ke5 1/2-1/2

[Event "2006 U.S. Masters Championship"]
[Site "Hendersonville, NC"]
[Date "2006.03.16"]
[Round "4.2"]
[White "Pupols, Viktors"]
[Black "Shaw, Tenzing W"]
[Result "0-1"]
[WhiteElo "2200"]
[BlackElo "2112"]
[PlyCount "112"]
[EventDate "2006.03.11"]
[EventCountry "USA"]

 1. d4 Nf6 2. c4 c5 3. d5 b5 4. cxb5 a6 5. Nc3 axb5 6. e4 b4 7. Nb5 d6 8. Nf3 Na6 9. Bf4 Nh5 10. Bd2 g6 11. a3 bxa3 12. Rxa3 Bg7 13. Bc3 O-O 14. Bc4 Nc7 15. Na7 Qd7 16. Bxg7 Kxg7 17. Nxc8 Rfxc8 18. Rxa8 Rxa8 19. O-O Qg4 20. Nd2 Qg5 21. Nf3 Qg4 22. Nd2 Qxd1 23. Rxd1 Rb8 24. b3 Nb5 25. Bxb5 Rxb5 26. Ra1 Nf4 27. f3 Ne2+ 28. Kf2 Nd4 29. Rb1 f5 30. Ke3 Kf6 31. Kd3 Rb4 32. g3 Nxf3 33. Nxf3 fxe4+ 34. Kc3 exf3 35. Rf1 Ke5 36. Rxf3 Kxd5 37. Rf7 e5 38. Rxh7 g5 39. h3 Ke4 40. Rg7 Kf5 41. Rf7+ Kg6 42. Rf8 Rd4 43. Rf1 e4 44. Rf8 Rd3+ 45. Kc4 Rxg3 46. Kd5 Rxb3 47. Kxd6 Rxh3 48. Kxc5 Rf3 49. Re8 Kf5 50. Rf8+ Kg4 51. Re8 Kf4 52. Rf8+ Ke3 53. Rg8 Kf2 54. Kd4 e3 55. Rxg5 e2 56. Re5 e1=Q 0-1

[Event "2006 U.S. Masters Championship"]
[Site "Hendersonville, NC"]
[Date "2006.03.16"]
[Round "4.2"]
[White "Brookshear, Timothy"]
[Black "Jones, Craig W"]
[Result "0-1"]
[WhiteElo "2000"]
[BlackElo "2280"]
[PlyCount "72"]
[EventDate "2006.03.11"]
[EventCountry "USA"]

 1. d4 Nf6 2. Nf3 d6 3. Nc3 Bg4 4. Bg5 e6 5. e4 Be7 6. Qd3 O-O 7. O-O-O c6 8. h3 Bh5 9. g4 Bg6 10. Qe3 d5 11. Bxf6 Bxf6 12. e5 Be7 13. h4 Qa5 14. Kb1 Na6 15. Bxa6 bxa6 16. h5 Be4 17. Nxe4 dxe4 18. Qxe4 Rab8 19. Rd3 Rb4 20. Nd2 Qb6 21. Nb3 a5 22. c3 Rb5 23. Rd2 Rb8 24. Qc2 a4 25. Nc5 a3 26. b3 Bxc5 27. dxc5 Rxc5 28. f4 Rd5 29. Rhd1 a5 30. Rxd5 cxd5 31. Rd4 h6 32. f5 Qc7 33. fxe6 fxe6 34. Qc1 Qxe5 35. Qxa3 Rf8 36. Rd2 Rf1+ 0-1

[Event "2006 U.S. Masters Championship"]
[Site "Hendersonville, NC"]
[Date "2006.03.16"]
[Round "4.2"]
[White "Sharp, Dale E"]
[Black "Harris, David"]
[Result "1/2-1/2"]
[WhiteElo "2203"]
[BlackElo "2130"]
[PlyCount "92"]
[EventDate "2006.03.11"]
[EventCountry "USA"]

 1. e4 c5 2. Nf3 d6 3. d4 Nf6 4. Nc3 cxd4 5. Nxd4 a6 6. Bg5 e6 7. f4 Qb6 8. Qd2 Qxb2 9. Rb1 Qa3 10. Be2 Nbd7 11. O-O Be7 12. Kh1 Qa5 13. f5 e5 14. Bxf6 Nxf6 15. Nb3 Qc7 16. Rf3 Bd7 17. Rg3 Rc8 18. Rd1 g6 19. fxg6 hxg6 20. Rf1 Be6 21. Bd3 Ng4 22. h3 Nf6 23. Rgf3 Nh5 24. Nd5 Bxd5 25. exd5 Nf4 26. Rxf4 exf4 27. Qxf4 Rf8 28. Nd4 Qc3 29. Qg4 Rg8 30. Nf5 Rc7 31. Nh6 Rg7 32. Nxf7 Rxf7 33. Bxg6 Bf6 34. Qe6+ Kf8 35. Bxf7 Rxf7 36. Qxd6+ Kg7 37. Qf4 Qxc2 38. d6 Qd3 39. Rf3 Qd5 40. Qg4+ Qg5 41. Qc4 b5 42. Qe6 Qc1+ 43. Kh2 Qc4 44. Qe8 Qd5 45. Rg3+ Kh6 46. Qg8 Qh5 1/2-1/2

[Event "2006 U.S. Masters Championship"]
[Site "Hendersonville, NC"]
[Date "2006.03.16"]
[Round "4.2"]
[White "Haessel, Dale R"]
[Black "Magar, Thomas P"]
[Result "1-0"]
[WhiteElo "2158"]
[BlackElo "2200"]
[PlyCount "59"]
[EventDate "2006.03.11"]
[EventCountry "USA"]

 1. c4 Nf6 2. g3 g6 3. Bg2 Bg7 4. Nc3 d6 5. d3 e5 6. e4 Nc6 7. Nge2 O-O 8. O-O Be6 9. Nd5 Ne8 10. Be3 Qd7 11. f4 f5 12. fxe5 dxe5 13. Qb3 Rb8 14. exf5 gxf5 15. Rad1 Nd6 16. Qc2 Nd4 17. Nxd4 exd4 18. Bc1 c5 19. Rde1 Rbe8 20. b4 b6 21. bxc5 bxc5 22. Ba3 Rc8 23. Qd2 Nb7 24. Re2 Rfe8 25. Rfe1 h6 26. Qf4 Kh8 27. Nf6 Bxf6 28. Qxh6+ Kg8 29. Qxf6 Bf7 30. Re7 1-0

[Event "2006 U.S. Masters Championship"]
[Site "Hendersonville, NC"]
[Date "2006.03.16"]
[Round "4.2"]
[White "Rupel, David G"]
[Black "Lillebo, H Paul"]
[Result "1/2-1/2"]
[WhiteElo "2074"]
[BlackElo "1760"]
[PlyCount "56"]
[EventDate "2006.03.11"]
[EventCountry "USA"]

 1. d4 Nf6 2. c4 e6 3. Nf3 d5 4. g3 Bb4+ 5. Bd2 Be7 6. Bg2 b6 7. cxd5 exd5 8. O-O O-O 9. Nc3 Bb7 10. Bf4 Nh5 11. Bc1 Nf6 12. Ne5 Nbd7 13. Qa4 Nxe5 14. dxe5 Nd7 15. Nxd5 Nc5 16. Qd4 Bxd5 17. Qxd5 Qxd5 18. Bxd5 Rad8 19. Bc4 Rd4 20. b3 c6 21. Be3 Re4 22. Bf4 g5 23. f3 Rxc4 24. bxc4 gxf4 25. gxf4 Ne6 26. f5 Nf4 27. Rfd1 Bc5+ 28. Kf1 Kh8 1/2-1/2

[Event "2006 U.S. Masters Championship"]
[Site "Hendersonville, NC"]
[Date "2006.03.17"]
[Round "5"]
[White "Schroer, Jonathan"]
[Black "Shaw, Tenzing W"]
[Result "1/2-1/2"]
[WhiteElo "2462"]
[BlackElo "2112"]
[PlyCount "101"]
[EventDate "2006.03.11"]
[EventCountry "USA"]

 1. d4 Nf6 2. c4 c5 3. d5 b5 4. cxb5 a6 5. bxa6 g6 6. Nc3 Bxa6 7. g3 d6 8. Nf3 Bg7 9. Bg2 O-O 10. O-O Nbd7 11. Rb1 Qb6 12. b3 Rfb8 13. Bb2 Ne8 14. Na4 Qb4 15. Bxg7 Kxg7 16. Qc2 Nc7 17. Nc3 Nb5 18. Nxb5 Rxb5 19. Rfd1 Ra5 20. e4 Ra3 21. Rb2 Bb5 22. Bf1 Bxf1 23. Rxf1 h5 24. Kg2 Qa5 25. Ra1 Qa6 26. Qc3+ Kg8 27. h3 Rc8 28. Nd2 Ne5 29. Nb1 Ra5 30. f4 Nd7 31. Qf3 Rb5 32. Nd2 c4 33. Rc1 cxb3 34. Rxc8+ Qxc8 35. Nxb3 Nc5 36. Rc2 Qa6 37. Nxc5 Rxc5 38. Qe2 Qxe2+ 39. Rxe2 Rc3 40. h4 Rd3 41. Rb2 f5 42. exf5 gxf5 43. a4 Rxd5 44. Ra2 Ra5 45. Kf3 Kf7 46. Ke3 e5 47. fxe5 dxe5 48. Kd3 Ke6 49. Kc4 f4 50. gxf4 exf4 51. Kd3 1/2-1/2

[Event "2006 U.S. Masters Championship"]
[Site "Hendersonville, NC"]
[Date "2006.03.17"]
[Round "5"]
[White "Burnett, Ronald W"]
[Black "Lopez II, Nelson M"]
[Result "1-0"]
[WhiteElo "2424"]
[BlackElo "2087"]
[PlyCount "63"]
[EventDate "2006.03.11"]
[EventCountry "USA"]

 1. c4 e5 2. g3 Nc6 3. Bg2 f5 4. Nc3 Nf6 5. e3 g6 6. Nge2 Bg7 7. d3 d6 8. Rb1 O-O 9. b4 f4 10. b5 Ne7 11. exf4 exf4 12. Bxf4 Ng4 13. O-O Rxf4 14. gxf4 Nf5 15. h3 Ngh6 16. Nd5 Nh4 17. Ng3 Nxg2 18. Kxg2 c6 19. bxc6 bxc6 20. Ne3 Qh4 21. f5 Be5 22. Qf3 Bd7 23. Rb7 Qe7 24. Ng4 Nf7 25. Re1 Ng5 26. Qe3 Nxh3 27. Kxh3 gxf5 28. Nxf5 Qe6 29. Qg5+ Kh8 30. Rxd7 Qxd7 31. Nxe5 dxe5 32. Qf6+ 1-0

[Event "2006 U.S. Masters Championship"]
[Site "Hendersonville, NC"]
[Date "2006.03.17"]
[Round "5"]
[White "Jones, Craig W"]
[Black "Chumachenko, Andrey"]
[Result "1/2-1/2"]
[WhiteElo "2280"]
[BlackElo "2452"]
[PlyCount "120"]
[EventDate "2006.03.11"]
[EventCountry "USA"]

 1. e4 c5 2. Nf3 Nc6 3. Bb5 g6 4. O-O Bg7 5. Re1 e5 6. Bxc6 dxc6 7. d3 Bg4 8. Be3 Qe7 9. Nbd2 Nf6 10. h3 Bxf3 11. Qxf3 Nd7 12. a3 Nf8 13. b4 Ne6 14. Reb1 b6 15. Nb3 cxb4 16. axb4 O-O 17. Nd2 Rac8 18. Qd1 f5 19. f3 f4 20. Bf2 h5 21. Nb3 Rcd8 22. Ra2 g5 23. c3 g4 24. fxg4 hxg4 25. Qxg4 Rxd3 26. Rba1 Rd7 27. Nd2 f3 28. Nxf3 Rf4 29. Qh5 Rxe4 30. Qg6 Rf4 31. Bg3 Rf6 32. Qe4 Rf7 33. Nxe5 Ng5 34. Qe2 Bxe5 35. Qxe5 Rg7 36. Kh2 Qf7 37. Rf2 Qh5 38. Qb8+ Kh7 39. Rf8 Qe2 40. Re1 Qd2 41. Rh8+ Kg6 42. Qe8+ Rdf7 43. Qxc6+ Rf6 44. Rh6+ Kxh6 45. Qxf6+ Kh7 46. Qf5+ Kh6 47. Qf6+ Kh7 48. Re8 Qd7 49. Be5 Nf3+ 50. Qxf3 Qxe8 51. Bxg7 Kxg7 52. Qg4+ Kh6 53. Qf4+ Kg6 54. Qd6+ Kh7 55. h4 Qe4 56. g3 Qc2+ 57. Kh3 Qf5+ 58. Kg2 Qc2+ 59. Kf3 Qxc3+ 60. Kg4 a5 1/2-1/2

[Event "2006 U.S. Masters Championship"]
[Site "Hendersonville, NC"]
[Date "2006.03.17"]
[Round "5"]
[White "Potter, J Russell"]
[Black "Smith, Bryan G"]
[Result "0-1"]
[WhiteElo "2413"]
[BlackElo "2215"]
[PlyCount "54"]
[EventDate "2006.03.11"]
[EventCountry "USA"]

 1. d4 Nf6 2. c4 g6 3. Nc3 Bg7 4. e4 O-O 5. Be3 d6 6. f3 e5 7. d5 Nh5 8. Qd2 Qh4+ 9. Bf2 Qe7 10. g4 Nf4 11. Nge2 Nd7 12. O-O-O a6 13. h4 b5 14. h5 bxc4 15. Nxf4 exf4 16. hxg6 fxg6 17. Bxc4 Ne5 18. Be2 Bd7 19. g5 Qxg5 20. Rdg1 Qf6 21. Bh4 Qf7 22. Bg5 Bb5 23. Bd1 Rab8 24. b3 a5 25. Nxb5 Rxb5 26. Rh4 Bf6 27. Qxf4 Nd3+ 0-1

[Event "2006 U.S. Masters Championship"]
[Site "Hendersonville, NC"]
[Date "2006.03.17"]
[Round "5"]
[White "Kidd, Jeffrey A"]
[Black "Privman, Boris"]
[Result "1/2-1/2"]
[WhiteElo "2157"]
[BlackElo "2338"]
[PlyCount "34"]
[EventDate "2006.03.11"]
[EventCountry "USA"]

 1. e4 d6 2. d4 e5 3. Nf3 Nd7 4. Bc4 c6 5. O-O Be7 6. dxe5 dxe5 7. Ng5 Bxg5 8. Qh5 Qe7 9. Qxg5 Qxg5 10. Bxg5 Ngf6 11. f3 Nc5 12. Rd1 Be6 13. Bf1 a5 14. a4 Nfd7 15. b3 f6 16. Be3 Ke7 17. Na3 Rhd8 1/2-1/2

[Event "2006 U.S. Masters Championship"]
[Site "Hendersonville, NC"]
[Date "2006.03.17"]
[Round "5"]
[White "Ludwig, Daniel J"]
[Black "Pohl, Klaus A"]
[Result "1-0"]
[WhiteElo "2331"]
[BlackElo "2214"]
[PlyCount "101"]
[EventDate "2006.03.11"]
[EventCountry "USA"]

 1. e4 e6 2. d4 d5 3. Nc3 Bb4 4. e5 c5 5. a3 Ba5 6. b4 cxd4 7. Nb5 Bc7 8. f4 Ne7 9. Nf3 a6 10. Nxc7+ Qxc7 11. Bd3 Nd7 12. O-O Nb6 13. Nxd4 Bd7 14. Be3 Nc6 15. Qg4 g6 16. Nf3 Nc4 17. Bf2 O-O-O 18. Rfb1 Ne7 19. a4 Nf5 20. b5 a5 21. b6 Qb8 22. Ng5 Be8 23. Qe2 h6 24. Nf3 Bc6 25. g4 Ne7 26. Bc5 Kd7 27. Nd4 Rc8 28. Rf1 h5 29. f5 gxf5 30. gxf5 Rhg8+ 31. Kh1 Qxe5 32. fxe6+ fxe6 33. Rf7 Rge8 34. Re1 Qxe2 35. Rxe2 Nd6 36. Bxd6 Kxd6 37. Rxe6+ Kc5 38. Nxc6 Nxc6 39. Rxe8 Rxe8 40. Rxb7 Rb8 41. Rxb8 Nxb8 42. b7 Kb4 43. Bb5 Kc3 44. Kg2 Kxc2 45. Kf3 Kc3 46. Ke3 h4 47. h3 d4+ 48. Ke4 d3 49. Bxd3 Nd7 50. Ke3 Kb4 51. Bb5 1-0

[Event "2006 U.S. Masters Championship"]
[Site "Hendersonville, NC"]
[Date "2006.03.17"]
[Round "5"]
[White "Aliev, Timur"]
[Black "Harris, Neal D"]
[Result "1-0"]
[WhiteElo "2327"]
[BlackElo "2204"]
[PlyCount "65"]
[EventDate "2006.03.11"]
[EventCountry "USA"]

 1. e4 c5 2. Nc3 Nc6 3. g3 g6 4. Bg2 Bg7 5. d3 d6 6. Be3 Bd7 7. Qd2 b5 8. f4 b4 9. Nd1 Nf6 10. h3 O-O 11. Ne2 Rc8 12. O-O Qa5 13. f5 Ne5 14. g4 c4 15. g5 Nh5 16. Nf4 Nxf4 17. Rxf4 cxd3 18. cxd3 Ba4 19. f6 exf6 20. gxf6 Bh6 21. Rf1 Rc2 22. Qe1 Bxe3+ 23. Qxe3 Kh8 24. Qh6 Qc5+ 25. Kh1 Rg8 26. Ne3 Nxd3 27. Nxc2 Qxc2 28. Qe3 a6 29. Qa7 Bb5 30. Qxf7 Ne5 31. Qe7 Bxf1 32. Rxf1 Nc6 33. Qxd6 1-0

[Event "2006 U.S. Masters Championship"]
[Site "Hendersonville, NC"]
[Date "2006.03.17"]
[Round "5"]
[White "Bereolos, Peter J"]
[Black "Fouts, Matthew A"]
[Result "0-1"]
[WhiteElo "2316"]
[BlackElo "2007"]
[PlyCount "98"]
[EventDate "2006.03.11"]
[EventCountry "USA"]

 1. d4 d5 2. c4 c6 3. Nc3 dxc4 4. a4 e5 5. dxe5 Qxd1+ 6. Kxd1 Be6 7. e4 f6 8. exf6 Nxf6 9. f3 Na6 10. Be3 Bc5 11. Bxc5 Nxc5 12. Kc2 O-O-O 13. Rd1 Rxd1 14. Kxd1 Rd8+ 15. Ke1 Nd3+ 16. Bxd3 cxd3 17. Kd2 Nd7 18. Kxd3 Nc5+ 19. Ke3 Rd3+ 20. Kf4 Bb3 21. Nge2 Rd2 22. a5 Rxb2 23. h4 Bc4 24. Ke3 Nb3 25. h5 Nxa5 26. Rh3 b5 27. Nf4 b4 28. Na4 Ra2 29. Nc5 b3 30. Nxb3 Nxb3 31. Rg3 Rd2 32. Rxg7 Rd7 33. h6 a5 34. e5 a4 35. e6 Bxe6 36. Nxe6 a3 37. Rg8+ Kb7 38. Rg4 a2 39. Ra4 a1=Q 40. Rxa1 Nxa1 41. Nc5+ Kc7 42. Nxd7 Kxd7 43. g4 Ke6 44. f4 Nb3 45. Ke4 Nc5+ 46. Ke3 Kf6 47. Kd4 Nd7 48. Ke4 Kg6 49. g5 c5 0-1

[Event "2006 U.S. Masters Championship"]
[Site "Hendersonville, NC"]
[Date "2006.03.17"]
[Round "5"]
[White "Cao, Tony"]
[Black "Simpson, Ronald"]
[Result "0-1"]
[WhiteElo "2099"]
[BlackElo "2265"]
[PlyCount "85"]
[EventDate "2006.03.11"]
[EventCountry "USA"]

 1. e4 e5 2. Nf3 Nc6 3. Bb5 f5 4. d3 fxe4 5. dxe4 Nf6 6. O-O d6 7. Nc3 Be7 8. a3 Bg4 9. Be3 O-O 10. Be2 Qe8 11. Nd2 Be6 12. Bc4 Bxc4 13. Nxc4 Rd8 14. Qd3 Qg6 15. Rad1 Nh5 16. Nd5 Rd7 17. f3 Bg5 18. Qb3 Rdf7 19. c3 Nd8 20. Bf2 Kh8 21. Nde3 Bxe3 22. Bxe3 b6 23. Kh1 Ne6 24. Qc2 Nhf4 25. Bxf4 Rxf4 26. Ne3 R4f6 27. Nf5 Nf4 28. Qd2 Qf7 29. g3 Ne6 30. Kg2 Qd7 31. Ne3 Rg6 32. Kh1 Qd8 33. Nf5 Rgf6 34. Qe2 Qe8 35. b4 Qh5 36. Rd3 Qe8 37. c4 g6 38. Nh4 Qc6 39. Rc3 Nd4 40. Qd1 g5 41. Nf5 Nxf5 42. exf5 Rxf5 43. Kg1 0-1

[Event "2006 U.S. Masters Championship"]
[Site "Hendersonville, NC"]
[Date "2006.03.17"]
[Round "5"]
[White "Daniel, Justin D"]
[Black "Haessel, Dale R"]
[Result "0-1"]
[WhiteElo "2184"]
[BlackElo "2158"]
[PlyCount "56"]
[EventDate "2006.03.11"]
[EventCountry "USA"]

 1. e4 c5 2. Nf3 d6 3. d4 cxd4 4. Nxd4 Nf6 5. Nc3 a6 6. f3 e5 7. Nb3 Be6 8. Be3 Nbd7 9. Qd2 b5 10. a4 b4 11. Nd5 Bxd5 12. exd5 Nb6 13. Bxb6 Qxb6 14. a5 Qb7 15. Bc4 g6 16. O-O h5 17. Ra4 Rb8 18. Rd1 Bh6 19. Qe2 Qa7+ 20. Kh1 h4 21. Nd4 Nh5 22. Qe1 Bf4 23. Ne2 Ng3+ 24. Nxg3 hxg3 25. h3 Qd7 26. Rd4 Rxh3+ 27. Kg1 Rh4 28. Rxb4 Qa7 0-1